000 00809nam a2200301Ia 4500
001 Z_5995
003 CHAP
008 220113s2001 xx 000 0 und d
010 _a169207
020 _a84-255-1371-5
040 _cCHAP
082 _a636.1084 M67
100 _aMorgan, Jenny
_9143643
245 _aHierbas para caballos /
_cJenny Morgan ; traducción Marta Valls
260 _aEspaña :
_bHispano-Europea,
_c2001
300 _a32 p.
440 _aGuías ecuestres ilustradas
_9143644
500 _aTítulo original del inglés: Herbs for horses
503 _aej.1: C/E
650 _aCaballos
_xAlimentación y alimentos
_9143645
700 _aI. Valls, Marta, tr.
_9143637
901 _a636.1084 M67
902 _aA
910 _a2001
942 _c1
942 _cc1
999 _c169207
_d169207